| 000 | 00479nam a22001931 4500 | ||
|---|---|---|---|
| 001 | 278236 | ||
| 003 | OSt | ||
| 005 | 20180403112402.0 | ||
| 008 | 840615s1962 maua 000 0 eng | ||
| 020 | _a978-0-521-79454-1 | ||
| 040 |
_cBCRI _aBCRI |
||
| 082 | _a823 | ||
| 100 |
_936943 _aJohnson, Margaret, _d1959- |
||
| 245 | 0 | 0 | _aAll i want |
| 260 |
_aNew York _bcambridge _c2009 |
||
| 300 |
_a96 p. _c19.5cm |
||
| 650 | 0 |
_911162 _aNovela inglesa |
|
| 942 |
_2ddc _cBK _hprozim |
||
| 999 |
_c23152 _d23152 |
||